000 00300nam a2200133Ia 4500
100 _aArkhangelsky/ V. & others
942 _cBK
654 _aMotor vehicles
245 _aMotor Vehicles Engines
260 _bMir Publishers
_aMoscow
_c1976
082 _a629.25
300 _a619
546 _aENGLISH
999 _c24058
_d24058